Miasta nad Morzem Czarnym - nagła śmierć - Statystyki

Ogólne statystyki
  • Ten quiz został rozwiązany 61 razy
  • Średni wynik to 4 z 16
Answers on the Grid
Answers color-coded by a green-red scale on the quiz's grid according to % correct below.
Ankara
Batumi
Bukareszt
Burgas
Bursa
Chersoń
Eupatoria
Kercz
Konstanca
Noworosyjsk
Odessa
Ordu
Primorsko
Rostów nad Donem
Samsun
Sewastopol
Soczi
Stambuł
Suchumi
Synopa
Trabzon
Tyraspol
Warna
Zonguldak
 
Statystyki odpowiedzi
Odpowiedź % Poprawnych
Batumi
55%
Konstanca
55%
Burgas
50%
Odessa
45%
Soczi
45%
Sewastopol
35%
Primorsko
30%
Warna
30%
Trabzon
25%
Noworosyjsk
15%
Synopa
15%
Ordu
10%
Zonguldak
10%
Eupatoria
5%
Samsun
5%
Suchumi
5%
Nie znaleziono quizów pasujących do podanych kryteriów
Rozkład punktacji
Procent ludzi z każdym wynikiem
Percentyl według liczby udzielonych odpowiedzi
Twoja historia wyników
Nie rozwiązałeś tego quizu